01426nam a22002537a 45000010005000000030006000050050017000110080041000280200018000690400029000870500017001160820012001331000020001452450050001652500044002152600037002593000048002964900038003445050008003825200703003905210029010935210020011226500030011427662FISKH20250730141205.0250730b cb ||||| |||| 00| 0 eng d a9780545536363 aFISKHbengcFISKHdFISKH aE185.K5 J377 a323.092 aJazynka, Kitson aMartin Luther King, Jr. /cBy Kitson Jazynka  aFirst Scholastic printing, January 2013 aNew York : bScholastic ,c2012. a48 pages : bcolor illstrations ;c23 cm .  aNational Geographic KidsvLevel 3 aO  aThe most effective method used to influence children to read is to incorporate the information that interests them the most. National Geographic Readers are educational, high-interest, and comprehensive for children. In this title, readers will learn about the fascinating life and legacy civil rights leader Dr. Martin Luther King, Jr. In this level three biography, difficult concepts are made understandable and transitioned into a more approachable manner. This includes the use of sidebars, timetables, diagrams and fun facts to hold the interest of the young reader. The colorful design and educational illustrations round out this text as an exemplary book for their young minds to explore. 8 a630 bLexile estimate 8 aO bRaz-Plus  aCivil rightsvNon-fiction